000 00789nam a2200133Ia 4500
008 171212s9999 xx 000 0 und d
020 _a9780833033505
100 _aBirkler, John;Bower, Anthony G.;Drezner, Jeffrey A.;Lee, Gordon T.;Lorell, Mark A.
245 _cBirkler, John;Bower, Anthony G.;Drezner, Jeffrey A.;Lee, Gordon T.;Lorell, Mark A.
_aCompetition and Innovation in the U.S. Fixed-Wing Military Aircraft Industry
260 _bRAND Corporation
_c2003
650 _aAirplanes, Military -- Technological innovations -- United States; Competition -- United States; Military aeronautics equipment industry -- United States; Aircraft industry -- Military aspects -- United States
650 _aManagement & Organizational Behavior
856 _uwww.jstor.org/stable/10.7249/mr1656osd
999 _c351879
_d351879